000
00307nam a22001337a 4500
008
170306b xxu||||| |||| 00| 0 eng d
020
_a
9780763709136
041
_a
eng
080
_2
5 ED
_a
575
100
_a
6
101
_a
SHM
245
_a
GENETICS ANALYSIS GENES AND GENOMES
_c
HARTL.D.L
942
_2
udc
_c
BK
999
_c
6817
_d
6817